| 000 | 00675nam a22002777a 4500 | ||
|---|---|---|---|
| 999 |
_c4183 _d234687 |
||
| 020 | _a9789871990221 | ||
| 080 | _a33 Sa 58 | ||
| 100 | _aSangiorgi, Carlos C. | ||
| 245 | _aPrincipios de Economia | ||
| 260 |
_aMar del Plata _bSuarez _c2014 |
||
| 300 |
_a216 P. _c21 X 15 Cm. |
||
| 650 | _xEconomia | ||
| 650 | _xeconomia politica | ||
| 650 | _xmicroeconomia | ||
| 650 | _xmacroeconomia | ||
| 650 | _xsector publico | ||
| 650 | _xderecho financiero | ||
| 650 | _xderecho tributario | ||
| 650 | _xsistema tributario | ||
| 650 | _xmercado | ||
| 650 | _xahorro | ||
| 650 | _xinflacion | ||
| 650 | _ximpuestos | ||
| 942 | _6_ | ||
| 945 |
_acd _d2015-10-23 |
||